000 00771nam a2200205Ia 4500
999 _c43710
_d43710
001 10451
003 GE_BSU
005 20221219120529.0
008 181216s1983ge xx |||||||||||||| ||geo||
040 _cGE_BSU
041 _ageo
080 _a821.353.1–32 ქ-27
245 _aქართული პროზა:
_bწ.4: რუსუდანიანი /
_cშემდგ : რევაზ თვარაძე
264 _aთბილისი :
_bსაბჭოთა საქართველო,
_c1983.
300 _a735 გვ.:
_b21 სმ.
653 _aქართული პროზა:
653 _aწ.4: რუსუდანიანი
700 _aთვარაძე, რ
_eშმდგენელი
_914595
942 _cBK
_2udc